Online
Catalog

Plastica dominicana contemporánea. (Record no. 33786)

MARC details
000 -CABECERA
campo de control de longitud fija 00513nam a2200145 a 4500
001 - NÚMERO DE CONTROL
campo de control 000034295
005 - FECHA Y HORA DE LA ÚLTIMA TRANSACCIÓN
campo de control 20200930073626.0
008 - DATOS DE LONGITUD FIJA--INFORMACIÓN GENERAL
campo de control de longitud fija 110930s1982 dr 000 0 spa d
040 ## - FUENTE DE LA CATALOGACIÓN
Centro catalogador/agencia de origen DO-SdBNP
Lengua de catalogación spa
Centro/agencia transcriptor BNPHU
049 ## - FONDOS LOCALES (OCLC)
Fondos de biblioteca BNPD
111 1# - ENTRADA PRINCIPAL--NOMBRE DE CONGRESO/REUNIÓN
Nombre de congreso/reunión o jurisdicción como elemento de entrada Exposición colectiva en homenaje a la Cotal '82.
Número del congreso/reunión o número de parte o sección (1982 :
Fecha del congreso/reunión 1-30 de junio
Sede del congreso/Lugar de la reunión Santo Domingo )
9 (RLIN) 59728
245 10 - MENCIÓN DE TÍTULO
Título Plastica dominicana contemporánea.
260 ## - PUBLICACIÓN, DISTRIBUCIÓN, ETC.
Lugar de publicación, distribución, etc. Santo Domingo :
Nombre del editor, distribuidor, etc. Voluntariado de las Casas Reales,
Fecha de publicación, distribución, etc. 1982.
Fabricante Amigo del Hogar
300 ## - DESCRIPCIÓN FÍSICA
Extensión 88 p. :
Otras características físicas il. ;
Dimensiones 28 cm.
Holdings
Estado de retiro Estado de pérdida No para préstamo Código de colección Localización permanente Ubicación/localización actual Ubicación en estantería Fecha de adquisición Número de inventario Total de préstamos Signatura topográfica completa Código de barras Fecha visto por última vez Precio válido a partir de Tipo de ítem Koha
    Excluido de préstamo Patrimonio Dominicano Patrimonio Dominicano Patrimonio Dominicano Depósito 30.09.2011 LF1   34295-10 25.06.2020 25.06.2020 Libro y Folleto Colección Patrimonio Dominicano

Powered by Koha